Management Building, competitive, Advantages. (Record no. 2171)
[ view plain ]
| 005 - DATE AND TIME OF LATEST TRANSACTION | |
|---|---|
| control field | 20250508101313.0 |
| 020 ## - INTERNATIONAL STANDARD BOOK NUMBER | |
| International Standard Book Number | 0-256-26142-3 |
| 082 ## - DEWEY DECIMAL CLASSIFICATION NUMBER | |
| Classification number | 658.4 BAT |
| 100 ## - MAIN ENTRY--PERSONAL NAME | |
| Author name | BATEMAN, T. S. |
| 245 ## - TITLE STATEMENT | |
| Title | Management Building, competitive, Advantages. |
| 250 ## - EDITION STATEMENT | |
| Edition statement | 4th Ed |
| 260 ## - PUBLICATION, DISTRIBUTION, ETC. | |
| Place of publication, distribution, etc. | New York, |
| Name of publisher, distributor, etc. | Irwin, |
| Date of publication, distribution, etc. | 1999. |
| 300 ## - PHYSICAL DESCRIPTION | |
| Extent | Xxiii, 679p.: ill.; figure, picture, table |
| Other physical details | Glossary & Index |
| Dimensions | 28cm. |
| 700 ## - ADDED ENTRY--PERSONAL NAME | |
| Other authors/Editors | SNELL, S. A. |
| 856 ## - ELECTRONIC LOCATION AND ACCESS | |
| Link text | Access Online Book |
| Electronic name | Management |
| Path | http://www.mhhe.com |
| 942 ## - ADDED ENTRY ELEMENTS (KOHA) | |
| Source of classification or shelving scheme | Dewey Decimal Classification |
| Koha item type | Books |
| Date last seen | Total checkouts | Full call number | Barcode | Cost, replacement price | Price effective from | Koha item type | Lost status | Source of classification or shelving scheme | Damaged status | Not for loan | Withdrawn status | Home library | Current library | Shelving location | Date acquired | Cost, normal purchase price |
|---|---|---|---|---|---|---|---|---|---|---|---|---|---|---|---|---|
| 06/26/2025 | 658.4BAT | DOM0001238 | 135000.00 | 06/26/2025 | Books | Dewey Decimal Classification | CBE Dodoma | CBE Dodoma | General Collection | 12/20/2003 | 45000.00 | |||||
| 06/26/2025 | 658.4BAT | DOM0001163 | 135000.00 | 06/26/2025 | Books | Dewey Decimal Classification | CBE Dodoma | CBE Dodoma | General Collection | 12/20/2003 | 45000.00 | |||||
| 05/08/2025 | 658.4 BAT | 0000008415 | 135000.00 | 05/08/2025 | Books | Dewey Decimal Classification | College of Business Education Main Library | College of Business Education Main Library | General Collection | 12/16/2003 | 45000.00 | |||||
| 05/08/2025 | 658.4 BAT | 0000008416 | 135000.00 | 05/08/2025 | Books | Dewey Decimal Classification | College of Business Education Main Library | College of Business Education Main Library | General Collection | 12/16/2003 | 45000.00 | |||||
| 05/08/2025 | 658.4 BAT | 0000008417 | 135000.00 | 05/08/2025 | Books | Dewey Decimal Classification | College of Business Education Main Library | College of Business Education Main Library | General Collection | 12/16/2003 | 45000.00 | |||||
| 05/08/2025 | 658.4 BAT | 0000008418 | 135000.00 | 05/08/2025 | Books | Dewey Decimal Classification | College of Business Education Main Library | College of Business Education Main Library | General Collection | 12/16/2003 | 45000.00 | |||||
| 05/08/2025 | 658.4 BAT | 0000008419 | 135000.00 | 05/08/2025 | Books | Dewey Decimal Classification | College of Business Education Main Library | College of Business Education Main Library | General Collection | 12/16/2003 | 45000.00 |
